| 000 | 00505nam a2200181Ia 4500 | ||
|---|---|---|---|
| 008 | 090124s9999 xx 000 0 und d | ||
| 082 | _b44132 | ||
| 100 | _aउजगरे निरंजन | ||
| 245 | _a दिपवा | ||
| 250 | _a1 | ||
| 260 |
_b"भावना प्रकाशन," _c1995 |
||
| 300 | _a56 | ||
| 600 | _aउजगरे निरंजन | ||
| 630 | _a दिपवा | ||
| 700 | _aउजगरे निरंजन | ||
| 730 | _a दिपवा | ||
| 942 | _cBOOK | ||
| 999 |
_c110362 _d110362 |
||